=LDR 00000nam 2200000 4500 =001 INLIS000000000057100 =005 20201207100636 =035 ##$$a 0010-1220000001 =007 ta =008 201207################g##########0#eng## =082 ##$$a 330 =084 ##$$a 330 MOR i =100 1#$$a Morgan, Theodore =245 1#$$a Introduction to economics /$c Theodore Morgan =250 ##$$a cet.3 =260 ##$$a New York :$b Prenticel Hall,$c 1951 =300 ##$$a 830. hlm ; $c 23 x 15 cm =600 #4$$a Economics =990 ##$$a 3196100001